000 00377 a2200169 4500
001 69985
020 _a8526241397
040 _cAnchieta - Itaigara
100 _aPalaoro, V. J.
240 1 0 _aVira-lata, sim senhor!
_lpor
245 1 0 _aVira-lata, sim senhor!
300 _a72
362 0 _a2004
440 1 _aScipione
650 4 _aLiteratura infanto-juvenil
942 _cBK
999 _c69985
_d69985